[Event "Hoogeveen Open"]
[Site "Hoogeveen, Netherlands"]
[Date "2018.10.25"]
[Round "7.15"]
[White "Schippers, Maurice"]
[Black "Ingebretsen, Jens E"]
[Result "1/2-1/2"]
[WhiteElo "2272"]
[BlackElo "2160"]

1. e4 {[%clk 01:30:58]} {[%emt 00:00:02]} c5 {[%clk 01:21:25]} {[%emt
00:09:31]} 2. Nf3 {[%clk 01:30:35]} {[%emt 00:00:57]} a6 {[%clk 01:21:46]}
{[%emt 00:00:09]} 3. c3 {[%clk 01:30:16]} {[%emt 00:00:49]} d5 {[%clk
01:22:10]} {[%emt 00:00:05]} 4. exd5 {[%clk 01:30:01]} {[%emt 00:00:46]} Qxd5
{[%clk 01:22:33]} {[%emt 00:00:07]} 5. d4 {[%clk 01:29:31]} {[%emt 00:01:00]}
e6 {[%clk 01:22:56]} {[%emt 00:00:07]} 6. Be3 {[%clk 01:28:20]} {[%emt
00:01:40]} Nd7 {[%clk 01:22:53]} {[%emt 00:00:33]} 7. Be2 {[%clk 01:27:07]}
{[%emt 00:01:43]} Ngf6 {[%clk 01:23:01]} {[%emt 00:00:21]} 8. O-O {[%clk
01:25:27]} {[%emt 00:03:53]} Bd6 {[%clk 01:21:15]} {[%emt 00:00:33]} 9. c4
{[%clk 01:19:07]} {[%emt 00:06:51]} Qc6 {[%clk 01:21:22]} {[%emt 00:00:22]} 10.
h3 {[%clk 01:15:50]} {[%emt 00:03:46]} O-O {[%clk 01:21:02]} {[%emt 00:00:50]}
11. Nc3 {[%clk 01:16:15]} {[%emt 00:00:06]} Qc7 {[%clk 01:18:38]} {[%emt
00:02:54]} 12. dxc5 {[%clk 01:13:21]} {[%emt 00:03:25]} Nxc5 {[%clk 01:15:53]}
{[%emt 00:03:14]} 13. b4 {[%clk 01:10:13]} {[%emt 00:03:39]} Nce4 {[%clk
01:15:32]} {[%emt 00:00:51]} 14. Nxe4 {[%clk 01:09:12]} {[%emt 00:01:31]} Nxe4
{[%clk 01:15:56]} {[%emt 00:00:05]} 15. Qd4 {[%clk 01:06:22]} {[%emt 00:03:20]}
f5 {[%clk 01:14:41]} {[%emt 00:01:45]} 16. c5 {[%clk 01:02:19]} {[%emt
00:04:33]} Be7 {[%clk 01:13:46]} {[%emt 00:01:25]} 17. Rac1 {[%clk 00:59:42]}
{[%emt 00:03:08]} Bd7 {[%clk 01:07:35]} {[%emt 00:06:41]} 18. Bf4 {[%clk
00:53:16]} {[%emt 00:06:55]} Qd8 {[%clk 01:03:34]} {[%emt 00:04:31]} 19. Bc4
{[%clk 00:48:16]} {[%emt 00:05:31]} Bf6 {[%clk 01:02:11]} {[%emt 00:01:52]} 20.
Be5 {[%clk 00:46:26]} {[%emt 00:02:20]} Qe7 {[%clk 01:00:07]} {[%emt 00:02:33]}
21. Bxf6 {[%clk 00:31:28]} {[%emt 00:15:29]} gxf6 {[%clk 00:58:45]} {[%emt
00:01:51]} 22. Rfe1 {[%clk 00:30:03]} {[%emt 00:01:55]} Kh8 {[%clk 00:55:45]}
{[%emt 00:03:30]} 23. Nd2 {[%clk 00:26:51]} {[%emt 00:03:42]} Bc6 {[%clk
00:53:28]} {[%emt 00:02:47]} 24. Nxe4 {[%clk 00:26:38]} {[%emt 00:00:43]} fxe4
{[%clk 00:45:29]} {[%emt 00:08:29]} 25. a4 {[%clk 00:26:32]} {[%emt 00:00:37]}
Rad8 {[%clk 00:43:54]} {[%emt 00:02:05]} 26. Qe3 {[%clk 00:25:31]} {[%emt
00:01:29]} f5 {[%clk 00:40:37]} {[%emt 00:03:48]} 27. b5 {[%clk 00:24:49]}
{[%emt 00:01:13]} axb5 {[%clk 00:40:59]} {[%emt 00:00:08]} 28. axb5 {[%clk
00:25:18]} {[%emt 00:00:01]} Bd5 {[%clk 00:41:18]} {[%emt 00:00:10]} 29. Bf1
{[%clk 00:22:02]} {[%emt 00:03:46]} Qg7 {[%clk 00:34:30]} {[%emt 00:07:18]} 30.
Rc2 {[%clk 00:18:01]} {[%emt 00:04:31]} Rf6 {[%clk 00:33:28]} {[%emt 00:01:32]}
31. c6 {[%clk 00:12:36]} {[%emt 00:05:55]} bxc6 {[%clk 00:33:10]} {[%emt
00:00:48]} 32. bxc6 {[%clk 00:13:05]} {[%emt 00:00:02]} Rc8 {[%emt 00:06:41]}
33. Rb1 {[%clk 00:12:24]} Rf7 {[%clk 00:25:52]} {[%emt 00:02:47]} 34. Qf4
{[%clk 00:08:47]} {[%emt 00:04:07]} Rfc7 {[%clk 00:24:24]} {[%emt 00:01:58]} 35.
Rbc1 {[%clk 00:04:31]} {[%emt 00:04:46]} h6 {[%clk 00:21:48]} {[%emt 00:03:05]}
36. Ba6 {[%clk 00:04:21]} {[%emt 00:00:42]} Rg8 {[%clk 00:21:18]} {[%emt
00:01:00]} 37. g3 {[%clk 00:04:22]} {[%emt 00:00:28]} Rf8 {[%clk 00:20:16]}
{[%emt 00:01:31]} 38. Rc5 {[%clk 00:03:18]} {[%emt 00:01:35]} Ra8 {[%clk
00:17:03]} {[%emt 00:03:44]} 39. Bc4 {[%clk 00:02:46]} {[%emt 00:01:02]} Ra3
{[%clk 00:15:36]} {[%emt 00:01:56]} 40. Bxd5 {[%clk 00:00:47]} {[%emt
00:02:30]} Rf3 {[%clk 00:15:44]} {[%emt 00:00:21]} 41. Qh4 {[%clk 00:24:22]}
{[%emt 00:06:55]} exd5 {[%clk 00:45:24]} {[%emt 00:00:50]} 42. Kg2 {[%clk
00:20:52]} {[%emt 00:04:00]} f4 {[%clk 00:31:30]} {[%emt 00:14:23]} 43. g4
{[%clk 00:15:56]} {[%emt 00:05:26]} d4 {[%clk 00:17:53]} {[%emt 00:14:08]} 44.
Rd5 {[%clk 00:12:07]} {[%emt 00:04:19]} Rc3 {[%clk 00:16:07]} {[%emt 00:02:16]}
45. Rxc3 {[%clk 00:04:58]} {[%emt 00:07:39]} dxc3 {[%clk 00:16:22]} {[%emt
00:00:15]} 46. Qd8+ {[%clk 00:03:06]} {[%emt 00:02:22]} Kh7 {[%clk 00:15:39]}
{[%emt 00:01:13]} 47. Rd7 {[%clk 00:02:28]} {[%emt 00:01:08]} Rxd7 {[%clk
00:15:44]} {[%emt 00:00:25]} 48. cxd7 {[%clk 00:02:24]} {[%emt 00:00:34]} f3+
{[%clk 00:13:46]} {[%emt 00:02:28]} 49. Kg3 {[%clk 00:02:10]} {[%emt 00:00:44]}
Qe5+ {[%clk 00:13:13]} {[%emt 00:01:02]} 50. Kh4 {[%clk 00:02:40]} c2 {[%clk
00:12:54]} {[%emt 00:00:51]} 51. Qf8 {[%clk 00:02:20]} {[%emt 00:00:49]} Qg5+
{[%clk 00:08:31]} {[%emt 00:04:54]} 52. Kg3 {[%clk 00:02:49]} {[%emt 00:00:01]}
c1=Q {[%clk 00:06:51]} {[%emt 00:02:10]} 53. Qf7+ {[%clk 00:03:10]} {[%emt
00:00:09]} Qg7 {[%clk 00:06:15]} {[%emt 00:01:06]} 54. Qxg7+ {[%clk 00:02:14]}
{[%emt 00:01:27]} Kxg7 {[%clk 00:06:43]} {[%emt 00:00:01]} 55. d8=Q {[%emt
00:00:09]} Qg1+ {[%clk 00:05:32]} {[%emt 00:01:40]} 56. Kf4 {[%clk 00:02:49]}
{[%emt 00:00:17]} Qxf2 {[%clk 00:05:38]} {[%emt 00:00:24]} 57. Qe7+ {[%clk
00:03:11]} {[%emt 00:00:08]} Kg8 {[%clk 00:05:43]} {[%emt 00:00:24]} 58. Qe6+
{[%clk 00:03:28]} {[%emt 00:00:13]} Kg7 {[%clk 00:05:42]} {[%emt 00:00:32]} 59.
Qe5+ {[%clk 00:03:53]} {[%emt 00:00:05]} Kg8 {[%clk 00:05:09]} {[%emt
00:01:02]} 60. Qxe4 {[%clk 00:02:34]} {[%emt 00:01:48]} Qh2+ {[%clk 00:04:50]}
{[%emt 00:00:49]} 61. Kxf3 {[%clk 00:01:44]} {[%emt 00:01:21]} Qxh3+ {[%clk
00:05:10]} {[%emt 00:00:10]} 62. Kf4 {[%clk 00:01:39]} {[%emt 00:00:35]} Qf1+
{[%clk 00:05:18]} {[%emt 00:00:21]} 63. Ke5 {[%clk 00:01:35]} {[%emt 00:00:35]}
Kg7 {[%clk 00:05:29]} {[%emt 00:00:19]} 64. Qb7+ {[%clk 00:01:20]} {[%emt
00:00:45]} Qf7 {[%clk 00:05:48]} {[%emt 00:00:10]} 65. Qxf7+ {[%clk 00:01:15]}
{[%emt 00:00:36]} Kxf7 {[%clk 00:06:17]} {[%emt 00:00:01]} 66. Kf5 {[%clk
00:01:38]} {[%emt 00:00:07]} Kg7 {[%clk 00:06:38]} {[%emt 00:00:09]} 67. g5
{[%clk 00:01:59]} {[%emt 00:00:10]} h5 {[%clk 00:07:01]} {[%emt 00:00:06]} 68.
g6 {[%clk 00:02:22]} {[%emt 00:00:07]} h4 {[%clk 00:07:27]} {[%emt 00:00:04]}
69. Kg4 {[%clk 00:02:49]} {[%emt 00:00:03]} Kxg6 {[%clk 00:07:48]} {[%emt
00:00:09]} 70. Kxh4 {[%clk 00:03:17]} {[%emt 00:00:03]} 1/2-1/2

[Event "Hoogeveen Open"]
[Site "Hoogeveen, Netherlands"]
[Date "2018.10.25"]
[Round "7.16"]
[White "Kevlishvili, Robby"]
[Black "Konings, Frans"]
[Result "0-1"]
[WhiteElo "2461"]
[BlackElo "2195"]

1. e4 {[%clk 01:30:56]} {[%emt 00:00:03]} e5 {[%clk 01:27:25]} {[%emt
00:03:36]} 2. Nf3 {[%clk 01:31:15]} {[%emt 00:00:11]} Nc6 {[%clk 01:27:42]}
{[%emt 00:00:12]} 3. Bb5 {[%clk 01:31:40]} {[%emt 00:00:05]} a6 {[%clk
01:27:54]} {[%emt 00:00:18]} 4. Ba4 {[%clk 01:32:06]} {[%emt 00:00:05]} Nf6
{[%clk 01:28:19]} {[%emt 00:00:05]} 5. O-O {[%clk 01:32:18]} {[%emt 00:00:18]}
Be7 {[%clk 01:28:40]} {[%emt 00:00:09]} 6. Re1 {[%clk 01:32:44]} {[%emt
00:00:04]} b5 {[%clk 01:29:07]} {[%emt 00:00:03]} 7. Bb3 {[%clk 01:33:11]}
{[%emt 00:00:04]} d6 {[%clk 01:29:34]} {[%emt 00:00:02]} 8. c3 {[%clk
01:33:36]} {[%emt 00:00:05]} O-O {[%clk 01:29:58]} {[%emt 00:00:05]} 9. h3
{[%clk 01:34:04]} {[%emt 00:00:03]} Na5 {[%clk 01:30:19]} {[%emt 00:00:09]} 10.
Bc2 {[%clk 01:34:29]} {[%emt 00:00:05]} c5 {[%clk 01:30:44]} {[%emt 00:00:04]}
11. d4 {[%clk 01:34:54]} {[%emt 00:00:05]} Qc7 {[%clk 01:31:05]} {[%emt
00:00:09]} 12. Nbd2 {[%clk 01:35:17]} {[%emt 00:00:07]} Bd7 {[%clk 01:31:03]}
{[%emt 00:00:32]} 13. Nf1 {[%clk 01:35:20]} {[%emt 00:00:27]} Nc4 {[%clk
01:31:05]} {[%emt 00:00:27]} 14. d5 {[%clk 01:29:52]} {[%emt 00:06:00]} Rfc8
{[%clk 01:29:53]} {[%emt 00:01:41]} 15. Ng3 {[%clk 01:26:56]} {[%emt 00:03:26]}
g6 {[%emt 00:02:59]} 16. Nh2 {[%clk 01:21:58]} {[%emt 00:04:06]} a5 {[%clk
01:26:28]} {[%emt 00:02:48]} 17. Ng4 {[%clk 01:10:44]} {[%emt 00:11:45]} Nxg4
{[%clk 01:24:14]} {[%emt 00:02:43]} 18. hxg4 {[%clk 01:10:49]} {[%emt
00:00:26]} Qd8 {[%clk 01:23:29]} {[%emt 00:01:15]} 19. Nf1 {[%clk 01:02:40]}
{[%emt 00:08:38]} Bg5 {[%clk 01:21:33]} {[%emt 00:02:26]} 20. Nh2 {[%clk
01:01:48]} {[%emt 00:01:22]} Bxc1 {[%clk 01:21:14]} {[%emt 00:00:49]} 21. Qxc1
{[%clk 01:02:10]} {[%emt 00:00:08]} Qh4 {[%clk 01:21:27]} {[%emt 00:00:17]} 22.
g3 {[%clk 01:01:44]} {[%emt 00:00:57]} Qf6 {[%clk 01:14:09]} {[%emt 00:07:47]}
23. Kg2 {[%clk 00:56:15]} {[%emt 00:05:59]} a4 {[%clk 01:12:15]} {[%emt
00:02:24]} 24. Bd1 {[%clk 00:52:05]} {[%emt 00:04:41]} a3 {[%clk 01:02:48]}
{[%emt 00:09:57]} 25. b3 {[%clk 00:51:48]} {[%emt 00:00:46]} Nb2 {[%clk
01:01:58]} {[%emt 00:01:20]} 26. Qe3 {[%clk 00:51:53]} {[%emt 00:00:24]} Qg7
{[%clk 01:01:23]} {[%emt 00:01:06]} 27. g5 {[%clk 00:51:14]} {[%emt 00:01:10]}
Nxd1 {[%clk 01:00:55]} {[%emt 00:00:58]} 28. Raxd1 {[%clk 00:51:17]} {[%emt
00:00:26]} Rf8 {[%clk 01:01:12]} {[%emt 00:00:13]} 29. Rd2 {[%clk 00:32:25]}
{[%emt 00:19:22]} f6 {[%clk 01:01:35]} {[%emt 00:00:07]} 30. gxf6 {[%clk
00:31:57]} {[%emt 00:00:58]} Rxf6 {[%clk 01:02:02]} {[%emt 00:00:03]} 31. b4
{[%clk 00:26:07]} {[%emt 00:06:21]} c4 {[%clk 00:54:38]} {[%emt 00:07:54]} 32.
f3 {[%clk 00:18:15]} {[%emt 00:08:21]} Raf8 {[%clk 00:54:55]} {[%emt 00:00:13]}
33. Rf2 {[%clk 00:18:23]} {[%emt 00:00:22]} g5 {[%clk 00:53:34]} {[%emt
00:01:51]} 34. Ref1 {[%clk 00:17:48]} {[%emt 00:01:05]} h5 {[%clk 00:53:34]}
{[%emt 00:00:30]} 35. Qc1 {[%clk 00:15:13]} {[%emt 00:03:05]} Qg6 {[%clk
00:52:38]} {[%emt 00:01:27]} 36. Qe3 {[%clk 00:11:59]} {[%emt 00:03:43]} R8f7
{[%clk 00:51:30]} {[%emt 00:01:38]} 37. Re1 {[%clk 00:10:05]} {[%emt 00:02:23]}
Qg7 {[%clk 00:40:57]} {[%emt 00:11:04]} 38. Ref1 {[%clk 00:10:03]} {[%emt
00:00:32]} Rg6 {[%clk 00:40:24]} {[%emt 00:01:03]} 39. Qc1 {[%clk 00:08:53]}
{[%emt 00:01:41]} Qf8 {[%clk 00:38:51]} {[%emt 00:02:00]} 40. Rh1 {[%clk
00:05:51]} {[%emt 00:03:33]} g4 {[%clk 00:38:35]} {[%emt 00:00:48]} 41. Rhf1
{[%clk 00:26:40]} {[%emt 00:09:41]} gxf3+ {[%clk 01:03:01]} {[%emt 00:06:04]}
42. Rxf3 {[%clk 00:24:59]} {[%emt 00:02:11]} Rxf3 {[%clk 01:03:01]} {[%emt
00:00:29]} 43. Rxf3 {[%clk 00:23:34]} {[%emt 00:01:55]} Qg7 {[%clk 01:01:26]}
{[%emt 00:02:05]} 44. Qxa3 {[%clk 00:09:28]} {[%emt 00:14:37]} h4 {[%clk
01:01:04]} {[%emt 00:00:52]} 45. Qa8+ {[%clk 00:09:54]} {[%emt 00:00:04]} Kh7
{[%clk 01:01:16]} {[%emt 00:00:17]} 46. Nf1 {[%clk 00:08:55]} {[%emt 00:01:29]}
Bg4 {[%clk 00:58:27]} {[%emt 00:03:19]} 47. Re3 {[%clk 00:08:21]} {[%emt
00:01:04]} Qf7 {[%clk 00:55:51]} {[%emt 00:03:06]} 48. Nh2 {[%clk 00:07:43]}
{[%emt 00:01:08]} h3+ {[%clk 00:50:28]} {[%emt 00:05:53]} 49. Kg1 {[%clk
00:08:02]} {[%emt 00:00:11]} Bh5 {[%clk 00:41:50]} {[%emt 00:09:08]} 50. Nf1
{[%clk 00:02:18]} {[%emt 00:06:14]} Rf6 {[%clk 00:41:39]} {[%emt 00:00:41]} 51.
Nh2 {[%clk 00:02:08]} {[%emt 00:00:40]} Rf2 {[%clk 00:41:41]} {[%emt 00:00:28]}
52. Qc8 {[%clk 00:02:06]} {[%emt 00:00:32]} Rxa2 {[%clk 00:37:57]} {[%emt
00:04:14]} 53. Qf5+ {[%clk 00:02:03]} {[%emt 00:00:33]} Qxf5 {[%clk 00:38:24]}
{[%emt 00:00:04]} 54. exf5 {[%clk 00:02:28]} {[%emt 00:00:04]} Rg2+ {[%clk
00:38:50]} {[%emt 00:00:04]} 55. Kh1 {[%clk 00:02:50]} {[%emt 00:00:07]} Rd2
{[%clk 00:38:06]} {[%emt 00:01:15]} 56. Kg1 {[%clk 00:03:15]} {[%emt 00:00:05]}
Rg2+ {[%clk 00:37:06]} {[%emt 00:01:30]} 57. Kh1 {[%clk 00:03:38]} {[%emt
00:00:06]} Bf7 {[%clk 00:37:31]} {[%emt 00:00:05]} 58. Ng4 {[%clk 00:03:37]}
{[%emt 00:00:32]} Kg7 {[%clk 00:37:48]} {[%emt 00:00:14]} 59. f6+ {[%clk
00:02:47]} {[%emt 00:01:20]} Kg6 {[%clk 00:37:51]} {[%emt 00:00:27]} 60. Rf3
{[%clk 00:03:10]} {[%emt 00:00:06]} Bxd5 {[%clk 00:38:00]} {[%emt 00:00:22]} 61.
f7 {[%clk 00:03:35]} {[%emt 00:00:04]} Bxf7 {[%clk 00:38:04]} {[%emt 00:00:27]}
62. Rf6+ {[%clk 00:04:00]} {[%emt 00:00:04]} Kg7 {[%clk 00:38:29]} {[%emt
00:00:05]} 63. Rxd6 {[%clk 00:04:27]} {[%emt 00:00:04]} Rxg3 {[%clk 00:38:29]}
{[%emt 00:00:30]} 64. Nxe5 {[%clk 00:04:52]} {[%emt 00:00:05]} Re3 {[%clk
00:37:21]} {[%emt 00:01:37]} 65. Nxf7 {[%clk 00:04:26]} {[%emt 00:00:57]} Kxf7
{[%clk 00:37:47]} {[%emt 00:00:04]} 66. Rd5 {[%clk 00:04:51]} {[%emt 00:00:05]}
Rxc3 {[%clk 00:37:55]} {[%emt 00:00:21]} 67. Rxb5 {[%clk 00:05:19]} {[%emt
00:00:03]} Rb3 {[%clk 00:37:22]} {[%emt 00:01:03]} 68. Kh2 {[%clk 00:05:27]}
{[%emt 00:00:21]} Ke6 {[%clk 00:37:38]} {[%emt 00:00:14]} 69. Kh1 {[%clk
00:05:49]} {[%emt 00:00:08]} Kd6 {[%clk 00:37:56]} {[%emt 00:00:12]} 70. Kh2
{[%clk 00:06:16]} {[%emt 00:00:03]} Rd3 {[%clk 00:35:27]} {[%emt 00:03:00]} 71.
Rc5 {[%clk 00:05:33]} {[%emt 00:01:13]} Rc3 {[%clk 00:33:26]} {[%emt 00:02:31]}
72. Rb5 {[%clk 00:02:47]} {[%emt 00:03:16]} Kc6 {[%clk 00:33:51]} {[%emt
00:00:05]} 73. Ra5 {[%clk 00:02:56]} {[%emt 00:00:21]} Kb6 {[%clk 00:34:16]}
{[%emt 00:00:04]} 74. Rc5 {[%clk 00:03:17]} {[%emt 00:00:09]} Kb7 {[%clk
00:33:57]} {[%emt 00:00:49]} 75. Rb5+ {[%clk 00:03:37]} {[%emt 00:00:10]} Ka6
{[%clk 00:31:38]} {[%emt 00:02:49]} 76. Ra5+ {[%clk 00:04:03]} {[%emt
00:00:04]} Kb6 {[%clk 00:32:05]} {[%emt 00:00:03]} 77. Rc5 {[%clk 00:04:29]}
{[%emt 00:00:04]} Kb7 {[%clk 00:30:42]} {[%emt 00:01:53]} 78. Rb5+ {[%clk
00:04:55]} {[%emt 00:00:04]} Kc6 {[%clk 00:31:07]} {[%emt 00:00:05]} 79. Ra5
{[%clk 00:04:54]} {[%emt 00:00:31]} Kd7 {[%clk 00:31:10]} {[%emt 00:00:26]} 80.
Rd5+ {[%clk 00:02:46]} {[%emt 00:02:38]} Ke6 {[%clk 00:30:58]} {[%emt
00:00:43]} 81. Rc5 {[%clk 00:02:21]} {[%emt 00:00:55]} Kd6 {[%clk 00:31:23]}
{[%emt 00:00:05]} 82. Rb5 {[%clk 00:02:25]} {[%emt 00:00:26]} Rb3 {[%clk
00:31:45]} {[%emt 00:00:08]} 83. Rb8 {[%clk 00:00:49]} {[%emt 00:02:06]} Kd5
{[%clk 00:32:12]} {[%emt 00:00:03]} 84. b5 {[%clk 00:00:48]} {[%emt 00:00:32]}
Kc5 {[%clk 00:32:36]} {[%emt 00:00:05]} 85. Rb7 {[%clk 00:01:00]} {[%emt
00:00:18]} Rxb5 {[%clk 00:33:00]} {[%emt 00:00:06]} 86. Rc7+ {[%clk 00:01:26]}
{[%emt 00:00:04]} Kb4 {[%clk 00:33:25]} {[%emt 00:00:05]} 87. Kxh3 {[%clk
00:01:51]} {[%emt 00:00:05]} Rg5 {[%clk 00:33:48]} {[%emt 00:00:07]} 0-1

[Event "Hoogeveen Open"]
[Site "Hoogeveen, Netherlands"]
[Date "2018.10.25"]
[Round "7.18"]
[White "Giacomini, Hector"]
[Black "Van Kooten, Luuk"]
[Result "1/2-1/2"]
[WhiteElo "2178"]
[BlackElo "2320"]

1. d4 {[%clk 01:30:57]} {[%emt 00:00:03]} g6 {[%clk 01:30:17]} {[%emt
00:00:43]} 2. e4 {[%clk 01:30:18]} {[%emt 00:01:09]} Bg7 {[%clk 01:30:10]}
{[%emt 00:00:36]} 3. Nf3 {[%clk 01:30:29]} {[%emt 00:00:20]} d6 {[%clk
01:29:15]} {[%emt 00:01:25]} 4. Bd3 {[%clk 01:30:28]} {[%emt 00:00:30]} Nf6
{[%clk 01:28:10]} {[%emt 00:01:35]} 5. O-O {[%clk 01:30:14]} {[%emt 00:00:44]}
O-O {[%clk 01:27:19]} {[%emt 00:01:20]} 6. h3 {[%clk 01:29:44]} {[%emt
00:01:01]} Nc6 {[%clk 01:26:08]} {[%emt 00:01:41]} 7. c3 {[%clk 01:30:01]}
{[%emt 00:00:13]} e5 {[%clk 01:25:26]} {[%emt 00:01:12]} 8. Re1 {[%clk
01:29:09]} {[%emt 00:01:23]} h6 {[%clk 01:21:44]} {[%emt 00:04:10]} 9. Nbd2
{[%clk 01:29:12]} {[%emt 00:00:27]} Nh5 {[%clk 01:19:43]} {[%emt 00:03:05]} 10.
Nb3 {[%clk 01:28:34]} {[%emt 00:00:34]} a5 {[%clk 01:17:10]} {[%emt 00:03:04]}
11. a4 {[%clk 01:27:46]} {[%emt 00:01:18]} Qf6 {[%clk 01:09:59]} {[%emt
00:07:40]} 12. Be3 {[%clk 01:22:09]} {[%emt 00:06:08]} Nf4 {[%clk 01:07:23]}
{[%emt 00:03:05]} 13. Bf1 {[%clk 01:21:55]} {[%emt 00:00:44]} g5 {[%clk
01:04:51]} {[%emt 00:03:02]} 14. Nh2 {[%clk 01:19:28]} {[%emt 00:02:57]} Qg6
{[%clk 00:58:50]} {[%emt 00:06:31]} 15. Bxf4 {[%clk 01:01:02]} {[%emt
00:18:56]} gxf4 {[%clk 00:57:42]} {[%emt 00:01:38]} 16. Kh1 {[%clk 01:01:03]}
{[%emt 00:00:29]} Kh8 {[%clk 00:50:30]} {[%emt 00:07:42]} 17. dxe5 {[%clk
00:56:32]} {[%emt 00:05:01]} dxe5 {[%clk 00:45:25]} {[%emt 00:05:35]} 18. Qf3
{[%clk 00:56:38]} {[%emt 00:00:23]} Ne7 {[%clk 00:40:16]} {[%emt 00:05:39]} 19.
Nd2 {[%clk 00:53:11]} {[%emt 00:03:57]} Qg5 {[%clk 00:38:22]} {[%emt 00:02:24]}
20. Be2 {[%clk 00:46:56]} {[%emt 00:06:46]} Ng8 {[%clk 00:31:17]} {[%emt
00:07:35]} 21. Rad1 {[%clk 00:44:01]} {[%emt 00:03:24]} Bd7 {[%clk 00:29:08]}
{[%emt 00:02:39]} 22. b3 {[%clk 00:43:44]} {[%emt 00:00:48]} Rad8 {[%clk
00:28:28]} {[%emt 00:01:10]} 23. Nc4 {[%clk 00:42:02]} {[%emt 00:02:12]} b6
{[%clk 00:25:26]} {[%emt 00:03:32]} 24. Qh5 {[%clk 00:41:34]} {[%emt 00:00:57]}
Bc6 {[%clk 00:20:00]} {[%emt 00:05:57]} 25. Rxd8 {[%clk 00:31:03]} {[%emt
00:11:01]} Rxd8 {[%clk 00:15:53]} {[%emt 00:04:37]} 26. Qxf7 {[%clk 00:28:07]}
{[%emt 00:03:25]} Rd7 {[%clk 00:15:03]} {[%emt 00:01:20]} 27. Qh5 {[%clk
00:27:58]} {[%emt 00:00:39]} Qxh5 {[%clk 00:06:52]} {[%emt 00:08:42]} 28. Bxh5
{[%clk 00:28:22]} {[%emt 00:00:05]} Rd3 {[%clk 00:06:53]} {[%emt 00:00:29]} 29.
Nf3 {[%clk 00:24:00]} {[%emt 00:04:53]} Rxc3 {[%clk 00:06:09]} {[%emt
00:01:14]} 30. Nfxe5 {[%clk 00:24:12]} {[%emt 00:00:18]} Bb7 {[%clk 00:05:17]}
{[%emt 00:01:22]} 31. Ng6+ {[%clk 00:19:50]} {[%emt 00:04:51]} Kh7 {[%clk
00:05:42]} {[%emt 00:00:05]} 32. Nxf4 {[%clk 00:20:14]} {[%emt 00:00:07]} Ne7
{[%clk 00:02:44]} {[%emt 00:03:28]} 33. Bf7 {[%clk 00:19:39]} {[%emt 00:01:04]}
Bd4 {[%clk 00:01:38]} {[%emt 00:01:37]} 34. Ne2 {[%clk 00:18:07]} {[%emt
00:02:01]} Rd3 {[%clk 00:01:43]} {[%emt 00:00:25]} 35. Nxd4 {[%clk 00:18:01]}
{[%emt 00:00:37]} Rxd4 {[%clk 00:02:09]} {[%emt 00:00:04]} 36. f3 {[%clk
00:17:49]} {[%emt 00:00:42]} Kg7 {[%clk 00:01:57]} {[%emt 00:00:42]} 37. Bh5
{[%clk 00:15:55]} {[%emt 00:02:24]} Ba6 {[%clk 00:01:38]} {[%emt 00:00:49]} 38.
Ne5 {[%clk 00:14:56]} {[%emt 00:01:28]} Rb4 {[%clk 00:01:25]} {[%emt 00:00:44]}
39. Re3 {[%clk 00:14:46]} {[%emt 00:00:40]} c5 {[%clk 00:00:45]} {[%emt
00:01:10]} 40. f4 {[%clk 00:13:47]} {[%emt 00:01:29]} c4 {[%clk 00:00:41]}
{[%emt 00:00:34]} 41. Bd1 {[%clk 00:07:26]} {[%emt 00:06:51]} cxb3 {[%clk
00:28:25]} {[%emt 00:02:46]} 42. Bxb3 {[%clk 00:37:43]} {[%emt 00:00:12]} b5
{[%clk 00:26:51]} {[%emt 00:02:04]} 43. axb5 {[%clk 00:33:03]} {[%emt
00:05:11]} Bxb5 {[%clk 00:27:15]} {[%emt 00:00:05]} 44. f5 {[%clk 00:29:05]}
{[%emt 00:04:28]} a4 {[%clk 00:26:38]} {[%emt 00:01:08]} 45. Be6 {[%clk
00:29:04]} {[%emt 00:00:31]} h5 {[%clk 00:23:42]} {[%emt 00:03:26]} 46. g4
{[%clk 00:26:14]} {[%emt 00:03:19]} hxg4 {[%clk 00:18:52]} {[%emt 00:05:20]} 47.
hxg4 {[%clk 00:26:39]} {[%emt 00:00:05]} Nc6 {[%clk 00:17:01]} {[%emt
00:02:22]} 48. Nf3 {[%clk 00:25:33]} {[%emt 00:01:35]} Na5 {[%clk 00:15:57]}
{[%emt 00:01:34]} 49. g5 {[%clk 00:22:42]} {[%emt 00:03:21]} Bc4 {[%clk
00:15:23]} {[%emt 00:01:04]} 50. f6+ {[%clk 00:22:54]} {[%emt 00:00:18]} Kf8
{[%clk 00:14:44]} {[%emt 00:01:09]} 51. Bxc4 {[%clk 00:21:10]} {[%emt
00:02:15]} Nxc4 {[%clk 00:15:08]} {[%emt 00:00:06]} 52. Rd3 {[%clk 00:19:07]}
{[%emt 00:02:32]} Rb3 {[%clk 00:14:49]} {[%emt 00:00:49]} 53. Rd8+ {[%clk
00:12:56]} {[%emt 00:06:41]} Kf7 {[%clk 00:15:14]} {[%emt 00:00:06]} 54. Rd7+
{[%clk 00:13:06]} {[%emt 00:00:20]} Kg6 {[%clk 00:14:29]} {[%emt 00:01:14]} 55.
f7 {[%clk 00:09:50]} {[%emt 00:03:46]} Rxf3 {[%clk 00:14:48]} {[%emt 00:00:11]}
56. Rd4 {[%clk 00:09:45]} {[%emt 00:00:35]} Nb2 {[%clk 00:09:49]} {[%emt
00:05:30]} 57. Rb4 {[%clk 00:09:44]} {[%emt 00:00:30]} a3 {[%clk 00:05:17]}
{[%emt 00:05:02]} 58. Rb3 {[%clk 00:09:55]} {[%emt 00:00:20]} Rxf7 {[%clk
00:02:10]} {[%emt 00:03:36]} 59. Rxa3 {[%clk 00:10:18]} {[%emt 00:00:07]}
1/2-1/2